Movie Quotes III Quiz Stats

 Plays Quiz Updated Jul 10, 2017

Support Sporcle.
Go Orange.
Score 0/16 Timer 05:00
4 Plays Today
Quote Movie % Correct
May the Force be with you.Star Wars
96.3%
There's no place like home.The Wizard of Oz
86.4%
I'm the king of the world!Titanic
79.6%
I'm going to make him an offer he can't refuse.The Godfather
75.8%
Yippee-ki-yay, mother****erDie Hard
70.4%
If you build it, he will come.Field of Dreams
70.3%
I have nipples, Greg. Could you milk me?Meet the Parents
67.3%
I'll have what she's having.When Harry Met Sally...
65.6%
Quote Movie % Correct
You look nervous. Is it the scars? You want to know how I got 'em?The Dark Knight
64.5%
You can't handle the truth!A Few Good Men
62.7%
Show me the money!Jerry Maguire
62.4%
There's no crying in baseball!A League of Their Own
62.1%
The man likes to play chess; let's get him some rocks.The Shawshank Redemption
41%
I am Jack's raging bile duct.Fight Club
38.6%
I couldn't help it, boss. I tried to take it back, but it was too late.The Green Mile
20.2%
Go ahead, make my day.Sudden Impact
15.9%

You're not logged in!

Compare scores with friends on all Sporcle quizzes.
OR
Log In
Forgot?

From the Vault

US Capitals by State Abbreviations

by rheebird

The post office just likes to keep it simple.
Remove Ads.
Support Sporcle.
Get the best of Sporcle when you Go Orange. This ad-free experience offers more features, more stats, and more fun while also helping to support Sporcle. Thank you for becoming a member.

Show Comments

Extras

Top Quizzes Today


Score Distribution

Your Account Isn't Verified!

In order to create a playlist on Sporcle, you need to verify the email address you used during registration. Go to your Sporcle Settings to finish the process.

Report this User

Report this user for behavior that violates our Community Guidelines.

Details: